| Tag |
First Indicator |
Second Indicator |
Subfields |
| LEADER |
00000cam a2200000 i 4500 |
| 001 |
in00004561521 |
| 003 |
OCoLC |
| 005 |
20220426185401.5 |
| 008 |
210104t20212021nyu j 000 1 eng |
| 010 |
|
|
|a 2020058461
|
| 040 |
|
|
|a DLC
|e rda
|c DLC
|
| 020 |
|
|
|a 9780593109427
|q hardcover
|
| 020 |
|
|
|a 0593109422
|q hardcover
|
| 020 |
|
|
|z 9780593109434
|q ebook
|
| 020 |
|
|
|z 0593109430
|q ebook
|
| 035 |
|
|
|a (OCoLC)1202772952
|
| 050 |
0 |
0 |
|a PZ7.1.A186
|b Pe 2021
|
| 082 |
0 |
0 |
|a [Fic]
|2 23
|
| 100 |
1 |
|
|a Abtahi, Olivia,
|e author.
|
| 245 |
1 |
0 |
|a Perfectly Parvin /
|c Olivia Abtahi.
|
| 264 |
|
1 |
|a New York :
|b Putnam/G. P. Putnam's Sons,
|c [2021].
|
| 264 |
|
4 |
|c ©2021.
|
| 300 |
|
|
|a 310 pages ;
|c 22 cm.
|
| 336 |
|
|
|a text
|b txt
|2 rdacontent
|
| 337 |
|
|
|a unmediated
|b n
|2 rdamedia
|
| 338 |
|
|
|a volume
|b nc
|2 rdacarrier
|
| 520 |
|
|
|a Parvin Mohammadi has just been dumped, only days after receiving official girlfriend status. Not only is she heartbroken, she's humiliated. Enter high school heartthrob Matty Fumero, who just might be the smoking-hot cure to all her boy problems. If Parvin can get Matty to ask her to Homecoming, she's positive it will prove to herself and her ex that she's girlfriend material after all. There's just one problem. Matty is definitely too cool for bassoon-playing, frizzy-haired, Cheeto-eating Parvin. Since being herself hasn't worked for her in the past (see aforementioned dumping), she decides to start acting like the women in her favorite rom-coms. Those women aren't loud, they certainly don't cackle when they laugh and they smile much more than they talk. But Parvin discovers that being a rom-com dream girl is much harder than it looks. Also hard? The parent-mandated Farsi lessons. A confusing friendship with a boy who's definitely not supposed to like her. And hardest of all, the ramifications of the Muslim ban on her family in Iran. Suddenly, being herself has never been more important.
|
| 650 |
|
0 |
|a Dating (Social customs)
|v Juvenile fiction.
|
| 650 |
|
0 |
|a Individuality
|v Juvenile fiction.
|
| 650 |
|
0 |
|a Friendship
|v Juvenile fiction.
|
| 650 |
|
0 |
|a Iranian Americans
|v Juvenile fiction.
|
| 650 |
|
0 |
|a Racially mixed people
|v Juvenile fiction.
|
| 650 |
|
0 |
|a High schools
|v Juvenile fiction.
|
| 650 |
|
0 |
|a Schools
|v Juvenile fiction.
|
| 650 |
|
0 |
|a High school students
|v Fiction.
|
| 650 |
|
1 |
|a Dating (Social customs)
|v Fiction.
|
| 650 |
|
1 |
|a Individuality
|v Fiction.
|
| 650 |
|
1 |
|a Friendship
|v Fiction.
|
| 650 |
|
1 |
|a Iranian Americans
|v Fiction.
|
| 650 |
|
1 |
|a Racially mixed people
|v Fiction.
|
| 650 |
|
1 |
|a High schools
|v Fiction.
|
| 650 |
|
1 |
|a Schools
|v Fiction.
|
| 945 |
|
|
|b 245632
|
| 947 |
|
|
|a A14851674961
|
| 948 |
|
|
|a dmitchel 4/26/22 1.50.30
|
| 980 |
|
|
|b print
|c 40030990086
|g 565712
|k USD
|m 16.19
|q 1
|s AcqMono Conventional
|t Approval plan
|u Vendor order reference number
|v ZYBP
|y Print approval
|z Physical resource
|
| 999 |
f |
f |
|i 3ee59de6-9122-4d15-bdee-f7726c68f4a2
|s 39b9219f-35af-4047-8bb6-d1cf3112667b
|t 0
|
| 952 |
f |
f |
|p normal
|a Texas A&M University
|b College Station
|c Sterling C. Evans Library
|d Evans: Curriculum Collection (4th floor)
|t 0
|e PZ7.1.A186 Pe 2021
|h Library of Congress classification
|i unmediated -- volume
|m A14851674961
|
| 998 |
f |
f |
|a PZ7.1.A186 Pe 2021
|t 0
|l Evans: Curriculum Collection (4th floor)
|